000 00454cam a2200169 a 4500
020 _a1561343307
040 _cDLC
082 _aDUS 1995 A013 Or.
245 0 0 _aTaking sides :
_bclashing views on controversial educational issues /
250 _a8th ed
260 _aGuilford, Conn. :
_bDushkin Pub. Group,
_cc1995
300 _axxi, 372 p. :
_bill. ;
_c24 cm
650 0 _aEducation
650 0 _aEducation
700 1 _aNoll, James Wm.
942 _cEK
999 _c13044
_d13044